<?xml version="1.0" encoding="UTF-8"?>
<collection xmlns="http://www.loc.gov/MARC21/slim">
    <record>
        <controlfield tag="001">76325</controlfield>
        <controlfield tag="005">20190115134123.0</controlfield>
        <datafield tag="037" ind1=" " ind2=" ">
            <subfield code="a">TAZ-TFM-2018-082</subfield>
        </datafield>
        <datafield tag="041" ind1=" " ind2=" ">
            <subfield code="a">spa</subfield>
        </datafield>
        <datafield tag="100" ind1="1" ind2=" ">
            <subfield code="a">Herrero Peña, Guillermo</subfield>
        </datafield>
        <datafield tag="242" ind1="0" ind2="0">
            <subfield code="a">CFD simulation of projectile aerodynamics</subfield>
        </datafield>
        <datafield tag="245" ind1="0" ind2="0">
            <subfield code="a">Simulación de la aerodinámica de proyectiles mediante CFD</subfield>
        </datafield>
        <datafield tag="260" ind1=" " ind2=" ">
            <subfield code="a">Zaragoza</subfield>
            <subfield code="b">Universidad de Zaragoza</subfield>
            <subfield code="c">2018</subfield>
        </datafield>
        <datafield tag="506" ind1=" " ind2=" ">
            <subfield code="a">by-nc-sa</subfield>
            <subfield code="b">Creative Commons</subfield>
            <subfield code="c">3.0</subfield>
            <subfield code="u">http://creativecommons.org/licenses/by-nc-sa/3.0/</subfield>
        </datafield>
        <datafield tag="520" ind1=" " ind2=" ">
            <subfield code="a">El presente trabajo se encuadra en el área de la mecánica de fluidos computacional que será empleada como herramienta para la simulación tridimensional de la aerodinámica de proyectiles de pequeño calibre.  El objetivo principal reside en el cálculo de los coeficientes aerodinámicos que caracterizan a un proyectil y cuyo conocimiento permite optimizar y estabilizar su trayectoria, caracterizando el movimiento de rotación con el que se debe dotar al proyectil en el cañón del arma. El trabajo realizado ha consistido en primer lugar en el modelado de la geometría de proyectiles comerciales, para ello ha sido necesario el trazado de su geometría y los cálculos necesarios para ello. Mediante un software de desarrollo interno del departamento se ha simulado el vuelo de los proyectiles, resolviendo el campo fluido en el que se encuentran y sus correspondientes variables mecánicas y termodinámicas. Previamente a estas simulaciones  se realizó la introducción de las condiciones de contorno y mallado adecuados, definidas tras un estudio de sensibilidad y dependencia. Los datos obtenidos con el programa de cálculo fueron post-procesados para calcular los coeficientes aerodinámicos y sus derivadas respecto al ángulo de vuelo. Los datos obtenidos con las simulaciones fueron comparados con la literatura y catálogos de fabricante obteniendo resultados satisfactorios.</subfield>
        </datafield>
        <datafield tag="521" ind1=" " ind2=" ">
            <subfield code="a">Máster Universitario en Ingeniería Industrial</subfield>
        </datafield>
        <datafield tag="540" ind1=" " ind2=" ">
            <subfield code="a">Derechos regulados por licencia Creative Commons</subfield>
        </datafield>
        <datafield tag="700" ind1=" " ind2=" ">
            <subfield code="a">Alcrudo Sánchez, Francisco</subfield>
            <subfield code="e">dir.</subfield>
        </datafield>
        <datafield tag="700" ind1=" " ind2=" ">
            <subfield code="a">Hauke Bernardos, Guillermo</subfield>
            <subfield code="e">dir.</subfield>
        </datafield>
        <datafield tag="710" ind1="2" ind2=" ">
            <subfield code="a">Universidad de Zaragoza</subfield>
            <subfield code="b">Ciencia y Tecnología de Materiales y Fluidos</subfield>
            <subfield code="c">Mecánica de Fluidos</subfield>
        </datafield>
        <datafield tag="856" ind1="0" ind2=" ">
            <subfield code="f">627993@celes.unizar.es</subfield>
        </datafield>
        <datafield tag="856" ind1="4" ind2=" ">
            <subfield code="s">1969796</subfield>
            <subfield code="u">http://zaguan.unizar.es/record/76325/files/TAZ-TFM-2018-082.pdf</subfield>
            <subfield code="y">Memoria (spa)</subfield>
        </datafield>
        <datafield tag="856" ind1="4" ind2=" ">
            <subfield code="s">855282</subfield>
            <subfield code="u">http://zaguan.unizar.es/record/76325/files/TAZ-TFM-2018-082_ANE.pdf</subfield>
            <subfield code="y">Anexos (spa)</subfield>
        </datafield>
        <datafield tag="909" ind1="C" ind2="O">
            <subfield code="o">oai:zaguan.unizar.es:76325</subfield>
            <subfield code="p">driver</subfield>
            <subfield code="p">trabajos-fin-master</subfield>
        </datafield>
        <datafield tag="950" ind1=" " ind2=" ">
            <subfield code="a"></subfield>
        </datafield>
        <datafield tag="951" ind1=" " ind2=" ">
            <subfield code="a">deposita:2019-01-15</subfield>
        </datafield>
        <datafield tag="980" ind1=" " ind2=" ">
            <subfield code="a">TAZ</subfield>
            <subfield code="b">TFM</subfield>
            <subfield code="c">EINA</subfield>
        </datafield>
        <datafield tag="999" ind1=" " ind2=" ">
            <subfield code="a">20180420132535.CREATION_DATE</subfield>
        </datafield>
    </record>

    
</collection>